1667 1571 1179 1941 1507 1690 1154 1074 1906 1680 1633 1361 1733 1761 1587 1953 1082 1924 1531 1558 1297 1112 1137 1231 1707 1398 1099 1171 1222 1541 1732 1063 1018 1075 1852 1587 1880 1601 1887 1060 1744 1935 1219 1675 1037 1250 1710 1583 1300 1277 1290 1301 1565 1187 1734 1045 1707 1320 1085 1366 1210 1892 1930 1649 1131 1382 1792 1593 1585 1808 1028 1798 1833 1661 1112 1039 1644 1244 1405 1803 1820 1960 1868 1967 1332 1773 1627 1096 1687 1376 1784 1122 1347 1000 1259 1289 1987 1690 1801 BCNSPRNW ULIB Ver.6.0+V

เปลี่ยนเป็นภาษาไทย

Change to English
 แสดงรายละเอียดบรรณานุกรม
  กลับหน้าหลัก

Brief Record : Get Marc (ISO 2709) : E-mail record : QR code < ปิดหน้าต่าง
LEADER : 00000nam 2200000uu 4500
001    13399114377
003     ULIB
008    110719s||||||||th 000 0 tha d
020    9789748327785
099    นว.^bค949ส ล.9
100 1  โยชิคาวะ, เอจิ
245 10 สามก๊ก 9 ตอน ซุนกวนประกาศสงคราม/^cเอจิ โยชิคาวะ, เรื่อง ; จัน สัมฤทธิ์, แปล
250    พิมพ์ครั้งที่ 2
260    กรุงเทพฯ :^bอมรินทร์คอมมิกส์,^c2550
300    187 หน้า
650  4 สามก๊ก^xการ์ตูน
650  4 วรรณกรรมสำหรับเด็ก
650  4 วรรณกรรมจีน^xการ์ตูน
651  4 จีน^xประวัติศาสตร์^xการ์ตูน
700 0  จัน สัมฤทธิ์
945    ^p158^l0^i024709
995    ทศพร
999 ^a ใช้งานได้ทุกระบบ
รายการนี้ยังไม่มีแท็ก
คุณยังไม่ได้ล็อกอิน คุณสามารถมีกิจกรรมร่วมกับเว็บไซต์ได้ แต่ต้องล็อกอินก่อน ::
  ล็อกอิน

รายการสื่อสารสนเทศ

ลำดับที่ ประเภท เลขเรียก/บาร์โค้ด สถานที่ สถานะ
1. นวนิยาย
นวนิยาย
นว. ค949ส ล.9 ฉ.1 
  Barcode: 024709
ห้องสมุดวิทยาเขตสวรรค์ประชารักษ์
►นวนิยาย
บนชั้น
  ขอยืม

รายการใกล้เคียง
    ผู้แต่ง [โยชิคาวะ, เอจิ]

    หัวเรื่อง [วรรณกรรมสำหรับเด็ก]

BibComment


ยังไม่เคยถูกคอมเมนท์

คอมเมนท์ทรัพยากรรายการนี้
  คอมเมนท์: สามก๊ก 9 ตอน ซุน..


 Copyright 2026. Bcnsprnw @Library